|
|
|
|
| LEADER |
01222nam a2200301 a 4500 |
| 001 |
12215839 |
| 008 |
001030s2000 enka b 001 0 eng d |
| 010 |
|
|
|a 00710233
|
| 020 |
|
|
|a 0521775345
|
| 040 |
|
|
|a UKM
|c UKM
|d C#P
|d DLC
|
| 082 |
0 |
0 |
|a 370.15/23
|2 21
|
| 100 |
1 |
|
|a Scharle, Ágota.
|
| 245 |
1 |
0 |
|a Learner autonomy :
|b a guide to developing learner responsibility /
|c Ágota Scharle, Anita Szabó.
|
| 260 |
|
|
|a Cambridge ;
|a New York :
|b Cambridge University Press,
|c 2000.
|
| 300 |
|
|
|a vi, 112 p. :
|b ill. ;
|c 23 cm.
|
| 490 |
1 |
|
|a Cambridge handbooks for language teachers [i.e. teachers]
|
| 504 |
|
|
|a Includes bibliographical references and index.
|
| 541 |
1 |
|
|e 00014506
|
| 650 |
|
0 |
|a Learning, Psychology of.
|
| 650 |
|
0 |
|a Motivation in education.
|
| 650 |
|
0 |
|a English language
|x Study and teaching
|x Foreign speakers.
|
| 650 |
|
0 |
|a Independent study.
|
| 650 |
|
0 |
|a Learner autonomy.
|
| 700 |
1 |
|
|a Szabó, Anita.
|
| 830 |
|
0 |
|a Cambridge handbooks for language teachers.
|
| 852 |
4 |
|
|a Ayesha Abed Library
|j General Shelf.
|
| 999 |
|
|
|c 3495
|d 3495
|
| 952 |
|
|
|0 0
|1 0
|2 ddc
|4 0
|6 370_152300000000000_SCH
|7 0
|9 17625
|a BRACUL
|b BRACUL
|c GEN
|d 2011-07-26
|l 7
|m 128
|o 370.1523 SCH
|p 3010014506
|r 2019-03-24
|s 2018-08-19
|t 1
|w 2011-07-26
|y BK
|